Football Quiz par lettre - S - Statistiques

Statistiques générales
  • Ce quiz a été pris 797 fois
  • Le résultat moyen est 12 sur 15
Statistiques - réponses
Hint Réponse % Correct
Nom de Thiago, Bernardo et David Silva
99%
Surnom de la sélection brésilienne Seleçao
93%
Club le titré de l'histoire de l'Europa League Séville
93%
Club français évoluant à Geoffroy-Guichard Saint-Etienne
92%
Ville où se situe le Stade de France Saint-Denis
91%
Pays de naissance de Dusan Vlahovic Serbie
91%
Surnom du Racing Club de Lens Sang et Or
80%
Pire équipe internationale de toute l'histoire, avec une victoire à son actif depuis 1985 Saint-Marin
79%
Geste technique consistant à faire passer le ballon au-dessus de son adversaire pour le dribbler Sombrero
79%
Club actuel de Maxime Lopez et Domenico Berardi Sassuolo
75%
Soulier d'Or européen en 2014 et 2016 Suarez
75%
Sélectionneur de l'Argentine lors de la Coupe du Monde 2018 Sampaoli
64%
"Arrêt" en anglais Save
64%
Stade du Borussia Dortmund Signal Iduna Park
58%
Ballon d'Or 2004 Shevchenko
55%
Aucun quiz correspondant
Distribution des résultats
% des personnes avec chaque résultat
Percentile par nombre de réponses
Votre historique - résultats
Vous n’avez pas pris ce quiz